現代教育思潮 = Modern education tide

Đã lưu trong:
書目詳細資料
主要作者: Mori, Akira
格式: 圖書
語言:Undetermined
出版: Japan 教育学叢書
主題:
標簽: 添加標簽
沒有標簽, 成為第一個標記此記錄!
Thư viện lưu trữ: Trung tâm Học liệu Trường Đại học Cần Thơ
LEADER 00525nam a2200193Ia 4500
001 CTU_239696
008 210402s9999 xx 000 0 und d
082 |a 370.952 
082 |b M854 
100 |a Mori, Akira 
245 0 |a 現代教育思潮 = 
245 0 |b Modern education tide 
245 0 |c Akira Mori (森昭) 
260 |a Japan 
260 |b 教育学叢書 
650 |a Giáo dục,Education 
650 |z Nhật Bản,Japan 
910 |a Tuyến 
980 |a Trung tâm Học liệu Trường Đại học Cần Thơ